| 000 | 00560cab a2200181 4500 | ||
|---|---|---|---|
| 001 | X90 | ||
| 008 | 090401t xxu||||| |||| 00| 0 eng d | ||
| 035 | _a(Sirsi) u45091 | ||
| 041 | _aeng | ||
| 100 | _aPugh, C. | ||
| 245 | 4 | _aThe globalisation of finance capital and the changing relationships between property and finance - 2 | |
| 260 | _c2(3) Winter 1991/92, 369-379(11) | ||
| 350 | _a0 | ||
| 490 |
_aJournal of Property Finance _v2(3) Winter 1991/92, 369-379(11) |
||
| 690 | _aPROPERTY-PROPERTY FINANCE AND INVESTMENT | ||
| 942 | _n0 | ||
| 948 | _c04/03/1997 | ||
| 999 |
_c28666 _d28666 |
||